<?xml version="1.0" encoding="UTF-8"?>
<record
    xmlns:xsi="http://www.w3.org/2001/XMLSchema-instance"
    xsi:schemaLocation="http://www.loc.gov/MARC21/slim http://www.loc.gov/standards/marcxml/schema/MARC21slim.xsd"
    xmlns="http://www.loc.gov/MARC21/slim">

  <leader>00745nam a2200205   4500</leader>
  <controlfield tag="001">83522</controlfield>
  <controlfield tag="003">BD-RjUL</controlfield>
  <controlfield tag="005">20240417115329.0</controlfield>
  <controlfield tag="008">240417b        |||||||| |||| 00| 0 eng d</controlfield>
  <datafield tag="035" ind1=" " ind2=" ">
    <subfield code="a">(BD-RjUL)83522</subfield>
  </datafield>
  <datafield tag="040" ind1=" " ind2=" ">
    <subfield code="a">BD-RjUL</subfield>
    <subfield code="b">eng</subfield>
    <subfield code="c">BD-RjUL</subfield>
  </datafield>
  <datafield tag="041" ind1=" " ind2=" ">
    <subfield code="a">urd</subfield>
  </datafield>
  <datafield tag="082" ind1=" " ind2=" ">
    <subfield code="2">23</subfield>
    <subfield code="a">891.43908</subfield>
    <subfield code="b">BAK 195?</subfield>
  </datafield>
  <datafield tag="100" ind1=" " ind2=" ">
    <subfield code="a">&#x628;&#x647;&#x627;&#x62F;&#x631;, &#x633;&#x64A;&#x62F; &#x627;&#x62D;&#x645;&#x62F; &#x62E;&#x627;&#x646;  ;; Bahadur, Syed Ahmed Khan</subfield>
    <subfield code="9">12599</subfield>
  </datafield>
  <datafield tag="245" ind1=" " ind2=" ">
    <subfield code="a">&#x627;&#x644;&#x62E;&#x637;&#x627;&#x628;&#x627;&#x62A; &#x627;&#x644;&#x623;&#x62D;&#x645;&#x62F;&#x64A;&#x629; &#x641;&#x64A; &#x627;&#x644;&#x639;&#x631;&#x628; &#x648;&#x633;&#x64A;&#x631;&#x629; &#x627;&#x644;&#x645;&#x62D;&#x645;&#x62F;&#x64A;&#x629; ;;  alkhitabat al'ahmadiat fi alearab wasirat almuhamadia /</subfield>
    <subfield code="c">&#x633;&#x64A;&#x62F; &#x627;&#x62D;&#x645;&#x62F; &#x62E;&#x627;&#x646; &#x628;&#x647;&#x627;&#x62F;&#x631;  ;;   Syed Ahmed Khan Bahadur</subfield>
  </datafield>
  <datafield tag="260" ind1=" " ind2=" ">
    <subfield code="a">Lahore :</subfield>
    <subfield code="b">Muslim press, </subfield>
    <subfield code="c">195?</subfield>
  </datafield>
  <datafield tag="300" ind1=" " ind2=" ">
    <subfield code="a">448 p. ;</subfield>
    <subfield code="c">23 cm</subfield>
  </datafield>
  <datafield tag="650" ind1=" " ind2=" ">
    <subfield code="a">Lecture </subfield>
    <subfield code="9">12600</subfield>
  </datafield>
  <datafield tag="942" ind1=" " ind2=" ">
    <subfield code="2">ddc</subfield>
    <subfield code="c">BK</subfield>
  </datafield>
  <datafield tag="999" ind1=" " ind2=" ">
    <subfield code="c">83522</subfield>
    <subfield code="d">83522</subfield>
  </datafield>
  <datafield tag="952" ind1=" " ind2=" ">
    <subfield code="0">0</subfield>
    <subfield code="1">0</subfield>
    <subfield code="2">ddc</subfield>
    <subfield code="4">0</subfield>
    <subfield code="7">1</subfield>
    <subfield code="8">NFIC</subfield>
    <subfield code="a">RUCL</subfield>
    <subfield code="b">RUCL</subfield>
    <subfield code="c">Reading</subfield>
    <subfield code="d">2024-04-17</subfield>
    <subfield code="l">0</subfield>
    <subfield code="o">U 891.43908 BAK 195?</subfield>
    <subfield code="r">2024-04-17 00:00:00</subfield>
    <subfield code="t">C-1</subfield>
    <subfield code="w">2024-04-17</subfield>
    <subfield code="y">BK</subfield>
  </datafield>
</record>
